000 01748nab a2200241 i 4500
003 BR-BrBNA
005 20250408095657.0
008 250408b2016 bl.qr|pooa||| 00| 0 por |
040 _aBR-BrBNA
_bpor
072 _aF70
100 _aKollmann, Ludovic Jean Charles
245 _aFlora das cangas da Serra dos Carajás, Pará, Brasil: Begoniaceae
500 _aPublicação on-line; 3 ref.; 2 illus.; Summaries (En, Pt)
520 _a Resumo Este estudo apresenta as espécies de Begoniaceae registradas para as cangas da Serra dos Carajás, estado do Pará, com descrições, ilustrações e comentários morfológicos de cada espécie. São registradas até o momento quatro espécies de Begonia nas cangas da Serra dos Carajás: Begonia guaduensis, B. humilis, B. saxicola e B. wollnyi. Palavras-chave: Begonia,FLONA Carajás, flora, taxonomia. Abstract This study encompasses the species of Begoniaceae registered for the cangas of Serra dos Carajás, Pará state with descriptions, illustrations and morphological comments of the species are provided. At the moment, four species of Begonia in the cangas of The Serra dos Carajás are registered: Begonia guaduensis, B. humilis, B. saxicola e B. wollnyi. Key words: Begonia, FLONA Carajás, flora, taxonomy.
650 _aBEGONIACEAE
650 _aCARAJÁS
650 _aFLORA
650 _aTAXONOMIA
773 0 _0709
_9349694
_dRio de Janeiro-RJ Jardim Botanico do Rio de Janeiro 1935
_o2025-2214
_tRodriguésia (Brazil)
_x0370-6583; 2175-7860 on-line
_gv. 67(5 special number) p. 1247-1252; (2016)
_wBR2025000295
856 _uhttps://www.scielo.br/j/rod/a/gK9gz6TgwVQsd64BqRMs5gK/?format=pdf&lang=pt
942 _cANA
999 _c330905
_d330905